000 01353nam a2200337 c 4500
003 BLK
005 20250225005540.0
008 180410b bul|||||r ||||||| ||bul||
010 _aKNG00172889000
040 _aBLK
041 _aBUL
_cBUL
080 _aБългарска литература
_b821.163.2
_x.09
_z821.163.2.09
080 _aХристо Ботьов Петков, български национален герой, революционер, поет и публицист
_b929 Ботев, Христо
_x
_z929 Ботев, Христо
100 1 _aДанчев, Пенчо Иванов
_eпърви автор
_9374492
139 _aДанчев, Пенчо Иванов
_bБ 70
245 1 0 _aЧертите на гения Христо Ботев
_bОчерк
_cПенчо Иванов Данчев.
257 _aBGR
260 София
_bБълг. писател
_c1976
300 _a176 с.
_c17 см
380 _a80
650 4 _aПоети, български - творчество
_9250545
653 _aбългарски поети
653 _aочерци
653 _aХристо Ботев
852 _aЦб І 15205
856 4 _qpdf
_u
856 4 _qpdf
_u
942 _cKNG
_n0
944 _aCR
_c12.03.2015
_k
_lCRON CRON
944 _aED
_c12.03.2015
_kМилена_Ачева
999 _c165287
_d165287